Nelson essentials of pediatrics / (Record no. 2803)

MARC details
000 -LEADER
fixed length control field 00529cam a22001818i 4500
008 - FIXED-LENGTH DATA ELEMENTS--GENERAL INFORMATION
fixed length control field 171129s2019 pau b 001 0 eng
020 ## - INTERNATIONAL STANDARD BOOK NUMBER
ISBN 9780323511452 (pbk. : alk. paper)
245 00 - TITLE STATEMENT
Title Nelson essentials of pediatrics /
Statement of responsibility, etc [edited by] Karen J. Marcdante, Robert M. Kliegman.
250 ## - EDITION STATEMENT
Edition statement Eighth edition.
260 ## - PUBLICATION, DISTRIBUTION, ETC. (IMPRINT)
Place of publication Philadelphia
Name of publisher Elsevier
Date of publication 2019
300 ## - COLLATION
Pagination xiii,818p
650 12 - TRACINGS
Main Subject Pediatrics
700 1# - ADDITIONAL AUTHOR
Additional Author Marcdante, Karen J.,
700 1# - ADDITIONAL AUTHOR
Additional Author Kliegman, Robert,
942 ## - ADDED ENTRY ELEMENTS (KOHA)
Item type Books
050 00 - LIBRARY OF CONGRESS CALL NUMBER
Classification number RJ45
Item number .N45
082 00 - DEWEY DECIMAL CLASSIFICATION NUMBER
Classification number 618.92
Holdings
Source of classification or shelving scheme Not for loan Permanent location Current location Date acquired Accession No. Full call number Barcode. Koha item type
Library of Congress Classification   Medical Library Medical Library 04/03/2025 2024/63691 RJ45.N45 2025-1109 Books